|
|
|
|
| LEADER |
00000nas a22000007a 4500 |
| 001 |
ssj0012357 |
| 003 |
WaSeSS |
| 005 |
20200512172242.0 |
| 006 |
m d |
| 007 |
cr n |
| 008 |
991013c19799999mauqx p s | a0eng |
| 010 |
|
|
|a 2014203359
|
| 022 |
|
|
|a 2374-6564
|y 0739-1854
|
| 035 |
|
|
|a (WaSeSS)ssj0012357
|
| 037 |
|
|
|b Harvard International Review, P.O. Box 401, Cambridge, MA 02138
|
| 040 |
|
|
|a BNG
|b eng
|c BNG
|d OCLCQ
|d AU@
|d CO3
|d OCLCQ
|d OCLCO
|d DLC
|d EYM
|d OCLCO
|d OCLCF
|d OCLCQ
|d VT2
|d UUM
|d WaSeSS
|
| 042 |
|
|
|a pcc
|a nsdp
|
| 050 |
1 |
4 |
|a D839
|b .H29
|
| 082 |
0 |
0 |
|a 909.82
|2 23
|
| 130 |
0 |
|
|a Harvard international review (Online)
|
| 222 |
|
0 |
|a Harvard international review
|b (Online)
|
| 245 |
1 |
0 |
|a Harvard international review
|h [electronic resource].
|
| 260 |
|
|
|a Cambridge, Mass. :
|b Harvard International Relations Council
|
| 310 |
|
|
|a 4 no. a year,
|b 1989-
|
| 321 |
|
|
|a Frequency varies,
|b 1979-1988
|
| 362 |
1 |
|
|a Began with vol. 1, no. 1 (Feb. 1979).
|
| 506 |
|
|
|a License restrictions may limit access.
|
| 538 |
|
|
|a Mode of access: World Wide Web.
|
| 588 |
|
|
|a Description based on: Vol. 1, no. 2 (Mar. 1979); title from PDF cover (JSTOR, viewed Sept. 19, 2014).
|
| 588 |
|
|
|a Latest issue consulted: Vol. 35, no. 4 (spring 2014) (hir.harvard.edu, viewed Sept. 8, 2014).
|
| 648 |
|
7 |
|a Since 1945
|2 fast
|
| 650 |
|
0 |
|a World politics
|y 1945-1990
|v Periodicals.
|
| 650 |
|
0 |
|a Economic history
|y 1971-
|v Periodicals.
|
| 650 |
|
0 |
|a Economic history
|y 1990-
|v Periodicals.
|
| 650 |
|
7 |
|a Economic history.
|2 fast
|0 (OCoLC)fst00901974
|
| 650 |
|
7 |
|a World politics.
|2 fast
|0 (OCoLC)fst01181381
|
| 655 |
|
0 |
|a Electronic journals.
|
| 710 |
2 |
|
|a Harvard International Relations Council.
|
| 776 |
0 |
8 |
|i Print version:
|t Harvard international review
|x 0739-1854
|w (DLC) 85645243
|w (OCoLC)7942267
|
| 856 |
4 |
0 |
|z Full text available from Research Library: 12/01/1996 to present
|u https://search.proquest.com/publication/32013
|